000 00848nam a2200229Ia 4500
999 _c65267
_d65267
005 20240530110815.0
008 140319s2007 au a f b 000 0 ara d
017 _a2007/7418
_bمصر. دار الكتب
040 _aGCL /
_cGCL
082 0 4 _221
_a759 /
_bك ف
100 0 _aكمال الجويلى
245 1 2 _aالفنان صلاح طاهر :
_bالوان فى فضاء الجمال /
_cكمال الجويلى .
250 _aط.1
260 _aالقاهرة :
_bالمؤلف،
_c2007 .
300 _a70 ص. :
_bايض. ؛
_c20 سم.
490 0 _aصالون غازى الثقافى العربى : سلسلة المبدعين العرب ؛
_vالكتاب الخامس
600 0 _aصلاح طاهر
650 0 7 _aالرسامون
_2qrmak
651 _2qrmak
942 _2ddc
_cBK